000 00418nam a2200181Ia 4500
001 21239
005 20260306172904.0
008 260306t2015||||xx |||||||||||||| ||spa||
041 _aESP
082 _a344.4
_bY76
100 _aYoung, Jock
_eAUT
245 0 _aLa imaginación criminologica
260 _c2015
300 _a278 pƔginas :
_c23 cm.
650 _aGEN
654 _aCDE
942 _cLIB
_dJUS
_fJUS
_2ddc
_n
999 _c21239
_d21239